[Event "Havana op"]
[Site "Havana"]
[Date "1994.??.??"]
[Round "8"]
[White "Slobodjan, Roman"]
[Black "Rodriguez Vila, Andres"]
[Result "1/2-1/2"]
[WhiteElo "2440"]
[BlackElo "2435"]
[PlyCount "38"]
[EventDate "1994.04.??"]
[EventType "swiss"]
[EventRounds "9"]
[EventCountry "CUB"]
[SourceTitle "EXT 1997"]
[Source "ChessBase"]
[SourceDate "1996.11.15"]
[SourceVersion "1"]
[SourceVersionDate "1996.11.15"]
[SourceQuality "1"]

1. b3 e5 2. Bb2 d6 3. e3 Nd7 4. d4 g6 5. dxe5 dxe5 6. Nf3 Bg7 7. Bc4 Nh6 8. a4
Nf5 9. Na3 O-O 10. Qd2 Qe7 11. Nb5 Nb6 12. Be2 Rd8 13. Qa5 e4 14. Nfd4 Nxd4 15.
Bxd4 Bxd4 16. Nxd4 Nd5 17. O-O c5 18. Nb5 b6 19. Qe1 Bf5 1/2-1/2

[Event "Havana op"]
[Site "Havana"]
[Date "1994.??.??"]
[Round "9"]
[White "Rodriguez Vila, Andres"]
[Black "Sieiro Gonzalez, Luis"]
[Result "1/2-1/2"]
[WhiteElo "2435"]
[BlackElo "2405"]
[PlyCount "40"]
[EventDate "1994.04.??"]
[EventType "swiss"]
[EventRounds "9"]
[EventCountry "CUB"]
[SourceTitle "EXT 1997"]
[Source "ChessBase"]
[SourceDate "1996.11.15"]
[SourceVersion "1"]
[SourceVersionDate "1996.11.15"]
[SourceQuality "1"]

1. e4 e6 2. d4 d5 3. Nc3 Nf6 4. Bg5 dxe4 5. Nxe4 Nbd7 6. Nf3 h6 7. Nxf6+ Nxf6
8. Bh4 Be7 9. Bd3 c5 10. dxc5 Qa5+ 11. c3 Qxc5 12. Qe2 b6 13. O-O-O Bb7 14.
Bb5+ Bc6 15. Bxc6+ Qxc6 16. Ne5 Qc5 17. f4 Nd5 18. Bxe7 Kxe7 19. Rxd5 Qxd5 20.
Rd1 Qb7 1/2-1/2

[Event "Mar del Plata op"]
[Site "Mar del Plata"]
[Date "1994.??.??"]
[Round "1"]
[White "Rodriguez Vila, Andres"]
[Black "Salvatti, Diego"]
[Result "1-0"]
[WhiteElo "2435"]
[BlackElo "2215"]
[PlyCount "59"]
[EventDate "1994.04.??"]
[EventType "swiss"]
[EventRounds "9"]
[EventCountry "ARG"]
[SourceTitle "EXT 1997"]
[Source "ChessBase"]
[SourceDate "1996.11.15"]
[SourceVersion "1"]
[SourceVersionDate "1996.11.15"]
[SourceQuality "1"]

1. e4 e5 2. Nf3 Nf6 3. d4 exd4 4. e5 Ne4 5. Qe2 Nc5 6. Nxd4 b6 7. Nc3 Bb7 8.
Be3 Nc6 9. Nxc6 Bxc6 10. O-O-O Qc8 11. Qh5 Qb7 12. Bc4 Ne6 13. Nd5 Bc5 14. Rhe1
Bxe3+ 15. Rxe3 O-O-O 16. Qxf7 Kb8 17. f3 Rdf8 18. Qe7 a5 19. a3 b5 20. Ba2 Qa7
21. Rc3 Re8 22. Qh4 Qa8 23. Ne7 Nd4 24. Nxc6+ Nxc6 25. Rxd7 Nxe5 26. Rd1 c6 27.
Qe4 b4 28. axb4 axb4 29. Qxb4+ Kc8 30. Qe4 1-0

[Event "Mar del Plata op"]
[Site "Mar del Plata"]
[Date "1994.??.??"]
[Round "2"]
[White "Letelier Martner, Rene"]
[Black "Rodriguez Vila, Andres"]
[Result "0-1"]
[WhiteElo "2210"]
[BlackElo "2435"]
[PlyCount "80"]
[EventDate "1994.04.??"]
[EventType "swiss"]
[EventRounds "9"]
[EventCountry "ARG"]
[SourceTitle "EXT 1997"]
[Source "ChessBase"]
[SourceDate "1996.11.15"]
[SourceVersion "1"]
[SourceVersionDate "1996.11.15"]
[SourceQuality "1"]

1. d4 Nf6 2. Nf3 e6 3. g3 c5 4. Bg2 d5 5. c4 cxd4 6. Nxd4 e5 7. Nf3 d4 8. O-O
Nc6 9. e4 Bg4 10. h3 Bxf3 11. Qxf3 Nd7 12. Rd1 Be7 13. Qg4 h5 14. Qe2 h4 15.
Nd2 a5 16. Nf3 Nc5 17. Ne1 Qb6 18. Kh2 Rd8 19. Bf1 Kf8 20. Kg2 hxg3 21. fxg3
Nb4 22. Qf3 Rd6 23. a3 Nba6 24. Rb1 Rf6 25. Qg4 Qc6 26. Bd3 Rg6 27. Qe2 Kg8 28.
b4 axb4 29. axb4 Nxb4 30. Rxb4 f5 31. Kh2 fxe4 32. Bb1 Qe6 33. g4 Rxg4 34. Rb6
Rxh3+ 35. Kxh3 Rh4+ 36. Kg2 Qh3+ 37. Kf2 e3+ 38. Bxe3 dxe3+ 39. Qxe3 Rf4+ 40.
Nf3 Bh4+ 0-1

[Event "Mar del Plata op"]
[Site "Mar del Plata"]
[Date "1994.??.??"]
[Round "3"]
[White "Rodriguez Vila, Andres"]
[Black "Rodi, Luis Ernesto"]
[Result "1/2-1/2"]
[WhiteElo "2435"]
[BlackElo "2230"]
[PlyCount "102"]
[EventDate "1994.04.??"]
[EventType "swiss"]
[EventRounds "9"]
[EventCountry "ARG"]
[SourceTitle "EXT 1997"]
[Source "ChessBase"]
[SourceDate "1996.11.15"]
[SourceVersion "1"]
[SourceVersionDate "1996.11.15"]
[SourceQuality "1"]

1. e4 Nf6 2. Nc3 d5 3. e5 Ne4 4. Nce2 f6 5. d3 Ng5 6. Bxg5 fxg5 7. f4 Nc6 8. d4
gxf4 9. Nxf4 Bf5 10. Bd3 Qd7 11. Nf3 g6 12. O-O Bg4 13. h3 Bh6 14. Nxd5 Qxd5
15. hxg4 Nxd4 16. Kh1 O-O-O 17. Nxd4 Qxd4 18. Qe2 Bf4 19. Rad1 Qxe5 20. Qf3 g5
21. Ba6 c6 22. Qxc6+ Qc7 23. Bxb7+ Kb8 24. Qxc7+ Kxc7 25. Bf3 Rd6 26. Rfe1 Rxd1
27. Rxd1 Rb8 28. b3 Rb6 29. Kg1 Bg3 30. Bd5 Rf6 31. Rd3 Bd6 32. Rc3+ Kb6 33.
Rc6+ Kb5 34. a4+ Kb4 35. Rc4+ Ka3 36. Bf3 Rf4 37. Rc6 Kb2 38. Kf2 h5 39. g3 Rf8
40. Kg2 hxg4 41. Bxg4 Rb8 42. a5 Rb5 43. a6 Rc5 44. Rxc5 Bxc5 45. Bf5 Kc3 46.
Kf3 Kd4 47. Be6 Bd6 48. Bf5 Bc5 49. g4 Bd6 50. Ke2 Bc5 51. Be6 Bd6 1/2-1/2

[Event "Mar del Plata op"]
[Site "Mar del Plata"]
[Date "1994.??.??"]
[Round "4"]
[White "Hobaica, Juan Pablo"]
[Black "Rodriguez Vila, Andres"]
[Result "0-1"]
[WhiteElo "2230"]
[BlackElo "2435"]
[PlyCount "54"]
[EventDate "1994.04.??"]
[EventType "swiss"]
[EventRounds "9"]
[EventCountry "ARG"]
[SourceTitle "EXT 1997"]
[Source "ChessBase"]
[SourceDate "1996.11.15"]
[SourceVersion "1"]
[SourceVersionDate "1996.11.15"]
[SourceQuality "1"]

1. d4 e6 2. c4 Bb4+ 3. Bd2 Qe7 4. Nf3 Nf6 5. a3 Bxd2+ 6. Nbxd2 d6 7. e4 e5 8.
d5 a5 9. g3 O-O 10. Bg2 Na6 11. b3 Bd7 12. O-O b5 13. Qc2 c6 14. dxc6 Bxc6 15.
Rfe1 b4 16. a4 Nc5 17. Re2 Qb7 18. Rae1 Nh5 19. Re3 g6 20. Rd1 Rad8 21. Ng5 f6
22. Ngf3 Ng7 23. Nf1 f5 24. exf5 Nxf5 25. Nh4 Nxe3 26. Nxe3 Bxg2 27. Nhxg2 Qe4
0-1

[Event "Mar del Plata op"]
[Site "Mar del Plata"]
[Date "1994.??.??"]
[Round "5"]
[White "Rodriguez Vila, Andres"]
[Black "Valerga, Diego"]
[Result "1/2-1/2"]
[WhiteElo "2435"]
[BlackElo "2375"]
[PlyCount "64"]
[EventDate "1994.04.??"]
[EventType "swiss"]
[EventRounds "9"]
[EventCountry "ARG"]
[SourceTitle "EXT 1997"]
[Source "ChessBase"]
[SourceDate "1996.11.15"]
[SourceVersion "1"]
[SourceVersionDate "1996.11.15"]
[SourceQuality "1"]

1. e4 c6 2. d4 d5 3. Nd2 dxe4 4. Nxe4 Bf5 5. Ng3 Bg6 6. h4 h6 7. Nf3 Nd7 8. h5
Bh7 9. Bd3 Bxd3 10. Qxd3 e6 11. Bf4 Qa5+ 12. Bd2 Qc7 13. O-O-O O-O-O 14. Qe2
Bd6 15. Ne4 Bf4 16. Rh4 Bxd2+ 17. Nexd2 Ne7 18. Ne4 Nf5 19. Rh3 Nf6 20. Rd2 Qa5
21. Kb1 Nxe4 22. Qxe4 Nd6 23. Qe2 Qd5 24. Rh4 Rhe8 25. Rd3 f6 26. g3 Nf7 27. b3
Qb5 28. Re4 Qxh5 29. Rxe6 Ng5 30. Rxe8 Rxe8 31. Qd1 Nxf3 32. Rxf3 Re4 1/2-1/2

[Event "Mar del Plata op"]
[Site "Mar del Plata"]
[Date "1994.??.??"]
[Round "6"]
[White "Celis, Gustavo"]
[Black "Rodriguez Vila, Andres"]
[Result "0-1"]
[WhiteElo "2345"]
[BlackElo "2435"]
[PlyCount "54"]
[EventDate "1994.04.??"]
[EventType "swiss"]
[EventRounds "9"]
[EventCountry "ARG"]
[SourceTitle "EXT 1997"]
[Source "ChessBase"]
[SourceDate "1996.11.15"]
[SourceVersion "1"]
[SourceVersionDate "1996.11.15"]
[SourceQuality "1"]

1. e4 e6 2. d4 d5 3. Nd2 Nf6 4. e5 Nfd7 5. Bd3 c5 6. c3 Nc6 7. Ne2 cxd4 8. cxd4
f6 9. exf6 Nxf6 10. Nf3 Bd6 11. O-O Qc7 12. g3 O-O 13. Bf4 Bd7 14. Rc1 Bxf4 15.
Nxf4 Qb6 16. b3 Rae8 17. Re1 Nxd4 18. Nxd4 e5 19. Nxd5 Nxd5 20. Nf3 Nf6 21.
Rxe5 Ng4 22. Rec5 Kh8 23. Bxh7 Bc6 24. Ng5 Re5 25. Qd6 Rxf2 26. Qb8+ Re8 27.
Rxc6 Rf1+ 0-1

[Event "Mar del Plata op"]
[Site "Mar del Plata"]
[Date "1994.??.??"]
[Round "9"]
[White "Rodriguez Vila, Andres"]
[Black "Kanefsck, Gustavo"]
[Result "1/2-1/2"]
[WhiteElo "2435"]
[BlackElo "2325"]
[PlyCount "88"]
[EventDate "1994.04.??"]
[EventType "swiss"]
[EventRounds "9"]
[EventCountry "ARG"]
[SourceTitle "EXT 1997"]
[Source "ChessBase"]
[SourceDate "1996.11.15"]
[SourceVersion "1"]
[SourceVersionDate "1996.11.15"]
[SourceQuality "1"]

1. e4 c6 2. d4 d5 3. Nd2 dxe4 4. Nxe4 Nf6 5. Nxf6+ exf6 6. Bf4 Be6 7. Qd2 Nd7
8. Bd3 Nb6 9. Ne2 Bd6 10. O-O O-O 11. b3 Bg4 12. c4 Bxe2 13. Bxe2 Bxf4 14. Qxf4
a5 15. Rad1 a4 16. Rd3 Re8 17. Rg3 axb3 18. axb3 Nd7 19. c5 Nf8 20. Bc4 Ng6 21.
Qg4 Qc7 22. Re3 Rxe3 23. fxe3 Re8 24. Rf3 Qe7 25. h4 Nf8 26. h5 Ne6 27. Rg3 Ng5
28. b4 Qc7 29. Bd3 h6 30. Kf2 Ra8 31. b5 cxb5 32. Bxb5 Ra1 33. Bd3 Ra3 34. Qf4
Ra2+ 35. Kg1 Ra1+ 36. Kh2 Qxf4 37. exf4 Ne6 38. Re3 Kf8 39. Bb5 Rd1 40. f5 Nc7
41. Bd3 Nd5 42. Rf3 Nb4 43. Be4 Rxd4 44. Bxb7 Ke7 1/2-1/2

[Event "San Martin"]
[Site "San Martin"]
[Date "1994.??.??"]
[Round "3"]
[White "Casafus, Ruben Andres"]
[Black "Rodriguez Vila, Andres"]
[Result "1/2-1/2"]
[WhiteElo "2430"]
[BlackElo "2435"]
[PlyCount "77"]
[EventDate "1994.04.??"]
[EventType "tourn"]
[EventRounds "11"]
[EventCountry "ARG"]
[EventCategory "9"]
[SourceTitle "CBM 042"]
[Source "ChessBase"]
[SourceDate "1994.10.01"]
[SourceVersion "1"]
[SourceVersionDate "1994.10.01"]
[SourceQuality "1"]

1. Nf3 c5 2. c4 Nc6 3. Nc3 Nf6 4. g3 e6 5. Bg2 d5 6. cxd5 exd5 7. d4 cxd4 8.
Nxd4 Be7 9. O-O O-O 10. Bf4 Be6 11. Ncb5 Qd7 12. Nc7 Rac8 13. Ncxe6 fxe6 14.
Bh3 Nxd4 15. Qxd4 Bc5 16. Qe5 Rfe8 17. Rac1 Qf7 18. Be3 Nd7 19. Qc3 Qh5 20. Kg2
Qxe2 21. Rfe1 Qa6 22. b4 Bxe3 23. Qxc8 Rxc8 24. Rxc8+ Kf7 25. Rxe3 Nf6 26. Rc7+
Kg6 27. Rxe6 Qxa2 28. Ree7 Kh6 29. Rxg7 Qb1 30. g4 Qe4+ 31. f3 Qe2+ 32. Kg3
Qe5+ 33. Kf2 Qd4+ 34. Ke2 Qb2+ 35. Ke3 d4+ 36. Kd3 Qa3+ 37. Kxd4 Qa1+ 38. Kc4
Qc1+ 39. Kb3 1/2-1/2

[Event "San Martin"]
[Site "San Martin"]
[Date "1994.??.??"]
[Round "4"]
[White "Rodriguez Vila, Andres"]
[Black "Fiorito, Fabian"]
[Result "1-0"]
[WhiteElo "2435"]
[BlackElo "2455"]
[PlyCount "91"]
[EventDate "1994.04.??"]
[EventType "tourn"]
[EventRounds "11"]
[EventCountry "ARG"]
[EventCategory "9"]
[SourceTitle "CBM 042"]
[Source "ChessBase"]
[SourceDate "1994.10.01"]
[SourceVersion "1"]
[SourceVersionDate "1994.10.01"]
[SourceQuality "1"]

1. e4 c5 2. Nf3 d6 3. d4 cxd4 4. Nxd4 Nf6 5. Nc3 Nc6 6. Be3 e5 7. Nf3 Be7 8. h3
O-O 9. Be2 h6 10. g4 a6 11. Rg1 b5 12. g5 hxg5 13. Nxg5 d5 14. exd5 Nb4 15. Bd3
Bb7 16. Bh7+ Kh8 17. Be4 Nbxd5 18. Qf3 Nxe3 19. fxe3 Bxe4 20. Ncxe4 g6 21. Rd1
Qa5+ 22. Ke2 Nxe4 23. Qxe4 Bxg5 24. Rxg5 Qxa2 25. b3 Qb2 26. Rxg6 fxg6 27. Qxg6
Rf7 28. Qxf7 Qxc2+ 29. Rd2 Qh7 30. Qf6+ Qg7 31. Qh4+ Kg8 32. Qe4 Rf8 33. Rd6
Rf6 34. Qd5+ Rf7 35. Rd8+ Kh7 36. Qe4+ Kh6 37. Qh4+ Kg6 38. Rd6+ Rf6 39. Qg4+
Kh6 40. Qh4+ Kg6 41. Qg4+ Kh6 42. Qh4+ Kg6 43. Rxf6+ Qxf6 44. Qxf6+ Kxf6 45. b4
e4 46. Kd2 1-0

[Event "San Martin"]
[Site "San Martin"]
[Date "1994.??.??"]
[Round "5"]
[White "Slipak, Sergio"]
[Black "Rodriguez Vila, Andres"]
[Result "1-0"]
[WhiteElo "2460"]
[BlackElo "2435"]
[PlyCount "67"]
[EventDate "1994.04.??"]
[EventType "tourn"]
[EventRounds "11"]
[EventCountry "ARG"]
[EventCategory "9"]
[SourceTitle "CBM 042"]
[Source "ChessBase"]
[SourceDate "1994.10.01"]
[SourceVersion "1"]
[SourceVersionDate "1994.10.01"]
[SourceQuality "1"]

1. Nf3 c5 2. b3 d6 3. Bb2 Bg4 4. d4 Bxf3 5. exf3 Nd7 6. Bb5 Ngf6 7. dxc5 Qa5+
8. Nc3 dxc5 9. Bxd7+ Nxd7 10. Qd5 Qc7 11. O-O-O Nf6 12. Qc4 e6 13. Nb5 Qc6 14.
Be5 Nd5 15. Rhe1 a6 16. Nc3 O-O-O 17. Nxd5 Rxd5 18. Rxd5 Qxd5 19. Qg4 h5 20.
Qg3 f6 21. Bc3 Qf5 22. Ba5 e5 23. Rd1 b6 24. Bxb6 g6 25. f4 Kb7 26. Ba5 Bh6 27.
Qc3 Qxf4+ 28. Kb1 Rc8 29. Qd3 Qd4 30. Qe2 Qf4 31. Bd2 Qg4 32. f3 Qe6 33. Bxh6
g5 34. h4 1-0

[Event "San Martin"]
[Site "San Martin"]
[Date "1994.??.??"]
[Round "6"]
[White "Rodriguez Vila, Andres"]
[Black "Zarnicki, Pablo Adrian"]
[Result "0-1"]
[WhiteElo "2435"]
[BlackElo "2435"]
[PlyCount "76"]
[EventDate "1994.04.??"]
[EventType "tourn"]
[EventRounds "11"]
[EventCountry "ARG"]
[EventCategory "9"]
[SourceTitle "CBM 042"]
[Source "ChessBase"]
[SourceDate "1994.10.01"]
[SourceVersion "1"]
[SourceVersionDate "1994.10.01"]
[SourceQuality "1"]

1. e4 e5 2. Nf3 Nf6 3. d4 Nxe4 4. Bd3 Nc6 5. dxe5 d5 6. O-O Bg4 7. Bf4 Be7 8.
Nc3 Nxc3 9. bxc3 O-O 10. Rb1 Rb8 11. h3 Bh5 12. Rb5 Kh8 13. Be2 d4 14. g4 Bg6
15. Nxd4 Nxd4 16. cxd4 f5 17. Be3 f4 18. Bc1 c6 19. Rb3 Bf7 20. Rf3 g5 21. Bb2
Kg8 22. a4 b5 23. axb5 cxb5 24. Rc3 Rb6 25. Qa1 b4 26. Rd3 Bc4 27. Qxa7 f3 28.
Bd1 Ra6 29. Qb7 Ra2 30. Bc1 Bd5 31. Qb5 Ra5 32. Qxa5 Qxa5 33. Re1 b3 34. Bd2
Qb5 35. Rxb3 Bxb3 36. cxb3 Qd3 37. Be3 Bb4 38. Rf1 Bd2 0-1

[Event "San Martin"]
[Site "San Martin"]
[Date "1994.??.??"]
[Round "7"]
[White "Sorin, Ariel"]
[Black "Rodriguez Vila, Andres"]
[Result "1-0"]
[WhiteElo "2470"]
[BlackElo "2435"]
[PlyCount "50"]
[EventDate "1994.04.??"]
[EventType "tourn"]
[EventRounds "11"]
[EventCountry "ARG"]
[EventCategory "9"]
[SourceTitle "CBM 042"]
[Source "ChessBase"]
[SourceDate "1994.10.01"]
[SourceVersion "1"]
[SourceVersionDate "1994.10.01"]
[SourceQuality "1"]

1. d4 e6 2. c4 Bb4+ 3. Nd2 f5 4. a3 Be7 5. e4 fxe4 6. Nxe4 Nf6 7. Bd3 O-O 8.
Nxf6+ Bxf6 9. Nf3 d6 10. h4 Qe7 11. Qc2 h6 12. Be3 e5 13. dxe5 dxe5 14. Ng5 Rd8
15. c5 Kf8 16. Bc4 e4 17. Nf7 Re8 18. Nh8 Bf5 19. Ba2 Be5 20. g4 Bh7 21. Qc4
Qf6 22. Bg5 hxg5 23. hxg5 Qf3 24. Rxh7 Ke7 25. Qe6+ Kd8 1-0

[Event "Buenos Aires OATD op"]
[Site "Buenos Aires"]
[Date "1994.??.??"]
[Round "4"]
[White "German, Pablo"]
[Black "Rodriguez Vila, Andres"]
[Result "1-0"]
[WhiteElo "2270"]
[BlackElo "2435"]
[PlyCount "45"]
[EventDate "1994.05.21"]
[EventType "swiss"]
[EventRounds "7"]
[EventCountry "ARG"]
[SourceTitle "EXT 2002"]
[Source "ChessBase"]
[SourceDate "2001.11.25"]
[SourceVersion "1"]
[SourceVersionDate "2001.11.25"]
[SourceQuality "1"]

1. e4 e6 2. d4 d5 3. Nc3 Bb4 4. e5 Ne7 5. Bd2 Nf5 6. Nf3 b6 7. Ne2 Bxd2+ 8.
Qxd2 Ba6 9. Ng3 Bxf1 10. Rxf1 Nh4 11. Nxh4 Qxh4 12. O-O-O c5 13. dxc5 bxc5 14.
Nf5 Qg4 15. Nd6+ Ke7 16. h3 Qh5 17. f4 Nd7 18. Qa5 Rhd8 19. Qc7 g6 20. g4 Qxh3
21. f5 Qe3+ 22. Kb1 Qxe5 23. Rde1 1-0

[Event "Buenos Aires OATD op"]
[Site "Buenos Aires"]
[Date "1994.??.??"]
[Round "6"]
[White "Labollita, Martin"]
[Black "Rodriguez Vila, Andres"]
[Result "0-1"]
[WhiteElo "2250"]
[BlackElo "2435"]
[PlyCount "56"]
[EventDate "1994.05.21"]
[EventType "swiss"]
[EventRounds "7"]
[EventCountry "ARG"]
[SourceTitle "EXT 2002"]
[Source "ChessBase"]
[SourceDate "2001.11.25"]
[SourceVersion "1"]
[SourceVersionDate "2001.11.25"]
[SourceQuality "1"]

1. d4 e6 2. c4 Bb4+ 3. Bd2 Qe7 4. Nf3 Nf6 5. g3 Nc6 6. Bg2 Bxd2+ 7. Nbxd2 d6 8.
O-O e5 9. d5 Nb8 10. e4 a5 11. c5 O-O 12. cxd6 cxd6 13. Ne1 Na6 14. Nd3 Bg4 15.
f3 Bd7 16. a4 b5 17. Rf2 bxa4 18. Nc4 Nb4 19. Nb6 Rab8 20. Nxa4 Rfc8 21. Bf1
Ne8 22. Nc3 Qd8 23. Nxb4 Rxb4 24. Bd3 Qb6 25. Ra2 a4 26. Kg2 Bh3+ 27. Kg1 Rb3
28. Ba6 Rcxc3 0-1

[Event "Buenos Aires OATD op"]
[Site "Buenos Aires"]
[Date "1994.??.??"]
[Round "6"]
[White "Rodriguez Vila, Andres"]
[Black "Cativelli, Gerardo"]
[Result "1-0"]
[WhiteElo "2435"]
[BlackElo "2230"]
[PlyCount "55"]
[EventDate "1994.05.21"]
[EventType "swiss"]
[EventRounds "7"]
[EventCountry "ARG"]
[SourceTitle "EXT 2002"]
[Source "ChessBase"]
[SourceDate "2001.11.25"]
[SourceVersion "1"]
[SourceVersionDate "2001.11.25"]
[SourceQuality "1"]

1. e4 d6 2. d4 Nf6 3. Nc3 g6 4. h4 Bg7 5. Be2 Nc6 6. h5 gxh5 7. Bb5 Bd7 8. Nge2
a6 9. Bxc6 Bxc6 10. Ng3 h6 11. Be3 e6 12. Nxh5 Nxh5 13. Qxh5 Qe7 14. O-O-O
O-O-O 15. Qa5 d5 16. e5 f6 17. f4 h5 18. Kb1 Qe8 19. a4 Qe7 20. exf6 Bxf6 21.
Rd3 Qd6 22. Na2 b6 23. Qxa6+ Kd7 24. Ra3 Qf8 25. Qe2 h4 26. Re1 Be7 27. Bd2 Kc8
28. Qxe6+ 1-0

[Event "Buenos Aires OATD op"]
[Site "Buenos Aires"]
[Date "1994.??.??"]
[Round "7"]
[White "Ginzburg, Maximiliano"]
[Black "Rodriguez Vila, Andres"]
[Result "1-0"]
[WhiteElo "2400"]
[BlackElo "2435"]
[PlyCount "73"]
[EventDate "1994.05.21"]
[EventType "swiss"]
[EventRounds "7"]
[EventCountry "ARG"]
[SourceTitle "EXT 2002"]
[Source "ChessBase"]
[SourceDate "2001.11.25"]
[SourceVersion "1"]
[SourceVersionDate "2001.11.25"]
[SourceQuality "1"]

1. e4 e6 2. d4 d5 3. Nc3 Bb4 4. e5 Ne7 5. a3 Bxc3+ 6. bxc3 c5 7. h4 b6 8. h5 h6
9. Qg4 Kf8 10. Rh3 Qc7 11. Rf3 cxd4 12. Qf4 Nf5 13. Ne2 Ba6 14. cxd4 Nc6 15.
Bb2 Kg8 16. g4 Nh4 17. Rc3 Bxe2 18. Kxe2 g5 19. Qd2 f6 20. Kd1 a6 21. f4 fxe5
22. fxg5 Rf8 23. Be2 Rf4 24. dxe5 hxg5 25. Kc1 d4 26. Rb3 Rh7 27. Kb1 Nxe5 28.
Bxd4 b5 29. Qe3 Nf7 30. Rd3 e5 31. Bc3 Rh6 32. Rd5 Re6 33. Kb2 Rc6 34. Rc1 Qb6
35. Qd2 Re6 36. Rf1 Ng2 37. Ba5 1-0

[Event "Merlo op"]
[Site "Merlo"]
[Date "1994.??.??"]
[Round "3"]
[White "Rodriguez Vila, Andres"]
[Black "Sorokin, Maxim"]
[Result "1/2-1/2"]
[WhiteElo "2430"]
[BlackElo "2510"]
[PlyCount "119"]
[EventDate "1994.08.13"]
[EventType "swiss"]
[EventRounds "9"]
[EventCountry "ARG"]
[SourceTitle "EXT 2005"]
[Source "ChessBase"]
[SourceDate "2004.11.15"]
[SourceVersion "1"]
[SourceVersionDate "2004.11.15"]
[SourceQuality "1"]

1. e4 e5 2. Nf3 Nc6 3. Bb5 a6 4. Ba4 Nf6 5. d4 exd4 6. O-O Be7 7. Re1 O-O 8. e5
Ne8 9. Bf4 f6 10. Bxc6 dxc6 11. Qxd4 Qxd4 12. Nxd4 f5 13. Nf3 h6 14. h4 Be6 15.
Nbd2 c5 16. c4 Kh7 17. a4 a5 18. Ra3 g6 19. Rc1 Ng7 20. Nf1 Rad8 21. Ng3 Rd7
22. Kf1 Rfd8 23. Rac3 Bf7 24. Re1 Rd1 25. Bc1 Rxe1+ 26. Kxe1 Be8 27. b3 Bc6 28.
Ne2 Re8 29. g3 Bf8 30. Bb2 Ne6 31. Rd3 g5 32. hxg5 hxg5 33. Nd2 f4 34. gxf4
Nxf4 35. Nxf4 gxf4 36. Rh3+ Kg6 37. Rh8 Bg7 38. Rxe8 Bxe8 39. Ne4 Kf5 40. Nxc5
b6 41. Nd3 Ke4 42. Kd2 Kf3 43. Ke1 Ke4 44. Kd2 Kf3 45. Bc3 Bd7 46. Kc2 Bf5 47.
e6 Bf8 48. Kd2 Bxe6 49. Be5 Bf5 50. Bxf4 Bxd3 51. Bxc7 Bf5 52. Bxb6 Bb4+ 53.
Kd1 Bg4 54. Be3 Bd7 55. Bb6 Bc6 56. Be3 Kg2 57. Ke2 Bf3+ 58. Kd3 Bd1 59. Bd2
Bxd2 60. Kxd2 1/2-1/2

[Event "Merlo op"]
[Site "Merlo"]
[Date "1994.??.??"]
[Round "4"]
[White "Vera Gonzalez Quevedo, Reynaldo"]
[Black "Rodriguez Vila, Andres"]
[Result "0-1"]
[WhiteElo "2485"]
[BlackElo "2430"]
[PlyCount "66"]
[EventDate "1994.08.13"]
[EventType "swiss"]
[EventRounds "9"]
[EventCountry "ARG"]
[SourceTitle "EXT 2005"]
[Source "ChessBase"]
[SourceDate "2004.11.15"]
[SourceVersion "1"]
[SourceVersionDate "2004.11.15"]
[SourceQuality "1"]

1. d4 e6 2. c4 Bb4+ 3. Bd2 Qe7 4. g3 Nf6 5. Bg2 Nc6 6. Nf3 Bxd2+ 7. Nbxd2 d6 8.
O-O e5 9. d5 Nb8 10. e4 a5 11. Ne1 h5 12. h3 h4 13. g4 O-O 14. Nc2 Na6 15. Ne3
g6 16. Qc2 Bd7 17. b3 c6 18. f4 exf4 19. Rxf4 Qe5 20. Raf1 Nh7 21. a3 Qd4 22.
Re1 cxd5 23. Kh1 Nc5 24. Nxd5 Ne6 25. Ref1 Nxf4 26. Rxf4 Rae8 27. Rf1 Bc6 28.
Nf3 Qxe4 29. Qxe4 Rxe4 30. Nxh4 Bxd5 31. cxd5 Re3 32. Rb1 Ng5 33. Kh2 Rc8 0-1

[Event "Merlo op"]
[Site "Merlo"]
[Date "1994.??.??"]
[Round "8"]
[White "Rodriguez Vila, Andres"]
[Black "Slipak, Sergio"]
[Result "1-0"]
[WhiteElo "2430"]
[BlackElo "2445"]
[PlyCount "107"]
[EventDate "1994.08.13"]
[EventType "swiss"]
[EventRounds "9"]
[EventCountry "ARG"]
[SourceTitle "EXT 2005"]
[Source "ChessBase"]
[SourceDate "2004.11.15"]
[SourceVersion "1"]
[SourceVersionDate "2004.11.15"]
[SourceQuality "1"]

1. e4 c5 2. Nf3 e6 3. d4 cxd4 4. Nxd4 a6 5. Nc3 Qc7 6. g3 Nc6 7. Bg2 Nf6 8. O-O
Be7 9. Re1 O-O 10. Nxc6 dxc6 11. e5 Rd8 12. Qf3 Nd5 13. h4 Nxc3 14. Qxc3 Bd7
15. Be4 c5 16. Qf3 Rab8 17. Be3 b5 18. h5 Be8 19. Qg4 Qxe5 20. Bf4 Qxb2 21. Be5
Qxe5 22. Bxh7+ Kxh7 23. Rxe5 Bf6 24. Rae1 Bxe5 25. Qe4+ Kg8 26. Qxe5 Rbc8 27.
h6 gxh6 28. Qf6 Bc6 29. f3 Rd5 30. Rxe6 fxe6 31. Qxe6+ Kg7 32. Qxc8 Rd1+ 33.
Kf2 Bd5 34. Qxc5 Bxa2 35. Ke3 Re1+ 36. Kf4 Re6 37. Qd4+ Kg6 38. Qd3+ Kg7 39.
Kg4 Rg6+ 40. Kh4 Rf6 41. f4 Bc4 42. Qd4 Kf7 43. g4 Re6 44. f5 Re2 45. Qa7+ Kg8
46. f6 Bf7 47. Qa8+ Re8 48. Qxa6 Re6 49. Qc8+ Kh7 50. g5 hxg5+ 51. Kxg5 Re5+
52. Kf4 Re6 53. Kf5 Re8 54. Qc7 1-0

[Event "Alcobendas op"]
[Site "Alcobendas"]
[Date "1994.??.??"]
[Round "4"]
[White "Sanz Losada, Victoriano"]
[Black "Rodriguez Vila, Andres"]
[Result "0-1"]
[WhiteElo "2260"]
[BlackElo "2430"]
[PlyCount "76"]
[EventDate "1994.11.??"]
[EventType "swiss"]
[EventRounds "9"]
[EventCountry "ESP"]
[SourceTitle "EXT 2000"]
[Source "ChessBase"]
[SourceDate "1999.11.16"]
[SourceVersion "1"]
[SourceVersionDate "1999.11.16"]
[SourceQuality "1"]

1. e4 c5 2. Nf3 d6 3. d4 cxd4 4. Nxd4 Nf6 5. Nc3 a6 6. Be2 e5 7. Nb3 Be7 8. Be3
O-O 9. O-O Be6 10. f4 exf4 11. Rxf4 Nc6 12. Nd5 Bxd5 13. exd5 Ne5 14. c4 Nfd7
15. Bd4 Rc8 16. Nd2 g6 17. b3 f5 18. Rf1 Bf6 19. Nf3 Qe7 20. Qd2 Rce8 21. Rae1
Nxf3+ 22. Bxf3 Bxd4+ 23. Qxd4 Ne5 24. Bd1 Qc7 25. Be2 Qa5 26. Ra1 Rf7 27. a3
Qc7 28. Rac1 b6 29. b4 Nd7 30. Bd3 Rfe7 31. a4 a5 32. Rb1 axb4 33. Rxb4 Nc5 34.
Bc2 Re2 35. Bd1 R2e4 36. Qf6 Nd7 37. Qg5 Qc5+ 38. Kh1 Re1 0-1